First 200 words of each Harry Potter book - Statistics

General Stats
  • This quiz has been taken 2,585 times
  • The average score is 791 of 1400
Answer Stats
Book#/Word# Word % Correct
B1/W116 | B1/W141 | B1/W188 | +38 others a
99%
B1/W111 | B1/W113 | B1/W131 | +86 others the
97%
B4/W1 | B5/W1 | B7/W1 The
97%
B2/W102 | B2/W139 | B2/W170 | +7 others I
95%
B2/W119 | B2/W60 harry
94%
B3/W1 | B3/W102 | B3/W148 | B5/W168 Harry
94%
B2/W6 an
92%
B1/W59 | B1/W70 | B2/W111 | +11 others he
91%
B5/W117 He
91%
B2/W160 we
91%
B1/W127 no
90%
B1/W168 potter
89%
B3/W2 Potter
89%
B1/W121 | B1/W143 | B1/W193 | +30 others and
88%
B1/W102 | B1/W5 | B1/W51 | +40 others of
87%
B1/W135 | B1/W138 | B1/W15 | +10 others they
87%
B1/W23 They
87%
B1/W12 | B1/W30 | B2/W121 | +19 others to
87%
B1/W183 | B1/W4 | B1/W47 | +2 others dursley
86%
B5/W103 | B5/W125 | B5/W134 | +2 others who
86%
B1/W20 | B2/W163 | B2/W198 | +2 others you
86%
B1/W122 | B1/W180 | B1/W33 | +25 others in
85%
B1/W110 | B2/W156 | B3/W191 | +10 others on
85%
B1/W103 | B1/W191 | B1/W194 | +2 others her
84%
B7/W30 then
84%
B1/W80 thin
84%
B1/W126 | B1/W147 | B1/W169 | +27 others was
84%
B1/W10 | B1/W16 | B1/W199 | +10 others were
84%
B2/W185 | B4/W109 | B4/W163 | B6/W50 when
84%
B1/W31 | B3/W53 | B5/W189 | +3 others be
83%
B1/W7 | B2/W15 | B5/W116 four
83%
B1/W9 | B2/W17 | B5/W26 | B5/W72 drive
82%
B1/W120 | B2/W138 dudley
81%
B2/W194 | B2/W200 Dudley
81%
B1/W100 | B4/W121 | B4/W129 | B5/W7 so
81%
B2/W85 | B3/W32 | B3/W39 do
80%
B7/W3 men
80%
B1/W8 | B2/W16 | B5/W25 | B5/W71 privet
80%
B1/W14 | B1/W148 | B2/W107 | +16 others that
80%
B1/W185 | B1/W98 she
79%
B1/W152 | B1/W159 | B3/W190 | +6 others it
78%
B6/W1 | B7/W118 It
78%
B1/W1 Mr
78%
B1/W46 | B2/W18 mr
78%
B6/W178 nor
78%
B1/W3 Mrs
77%
B1/W167 | B1/W170 | B1/W182 | B1/W77 mrs
77%
B1/W177 | B1/W196 | B2/W2 | +7 others for
76%
B3/W11 | B3/W26 | B7/W17 For
76%
B2/W19 | B2/W192 | B2/W91 vernon
76%
B1/W129 | B3/W7 | B5/W102 | B5/W124 boy
75%
B1/W115 | B1/W133 | B1/W140 | +18 others had
75%
B2/W116 | B2/W125 | B2/W37 | +19 others his
75%
B1/W64 | B6/W53 man
75%
B2/W59 go
74%
B2/W1 | B3/W185 | B5/W172 | +3 others not
74%
B2/W13 | B2/W188 | B2/W83 | +5 others at
73%
B2/W118 | B2/W152 | B2/W180 petunia
73%
B3/W20 | B7/W123 than
73%
B1/W125 | B4/W25 | B4/W96 | B6/W73 there
73%
B1/W21 | B1/W74 | B1/W95 | +4 others very
73%
B2/W129 | B2/W31 | B3/W94 | +3 others by
72%
B1/W18 normal
72%
B1/W6 | B2/W14 | B5/W115 number
72%
B1/W200 | B1/W97 | B3/W115 | +6 others as
71%
B4/W11 | B4/W68 House
71%
B4/W166 | B4/W83 house
71%
B1/W187 | B1/W72 | B2/W57 | B6/W188 have
70%
B1/W101 | B1/W22 | B6/W76 much
70%
B3/W12 | B3/W82 | B6/W110 | B6/W154 one
70%
B1/W13 say
70%
B1/W104 | B2/W42 | B2/W5 | +2 others time
70%
B1/W123 | B1/W144 | B5/W35 | +6 others their
69%
B2/W55 owl
68%
B1/W71 | B3/W197 | B5/W171 | B7/W145 did
67%
B2/W84 | B3/W47 night
67%
B1/W36 or
67%
B1/W27 | B3/W170 | B5/W183 people
67%
B1/W150 | B3/W121 | B6/W54 would
67%
B1/W67 | B3/W21 any
66%
B3/W75 | B6/W80 head
66%
B3/W169 | B3/W180 | B3/W93 magic
66%
B1/W163 | B2/W10 | B2/W110 | +3 others out
66%
B1/W118 | B2/W137 | B2/W159 | B2/W199 son
66%
B1/W137 | B1/W173 | B2/W124 | +5 others but
65%
B7/W126 But
65%
B1/W157 | B2/W78 | B6/W104 could
65%
B4/W137 | B6/W63 what
65%
B1/W43 | B1/W65 | B2/W115 | B7/W164 with
65%
B3/W55 wizard
65%
B4/W34 some
64%
B1/W19 thank
64%
B3/W25 year
64%
B1/W160 | B2/W106 | B2/W50 | B2/W76 if
63%
B2/W109 | B2/W80 let
63%
B2/W172 | B3/W76 like
63%
B1/W106 | B2/W11 | B3/W73 | +3 others over
63%
B2/W140 want
63%
B2/W150 | B2/W190 | B2/W69 | B7/W98 said
62%
B2/W164 | B3/W153 up
62%
B2/W151 aunt
61%
B6/W38 call
61%
B2/W4 first
61%
B3/W123 | B5/W174 | B6/W97 him
61%
B1/W26 | B6/W139 last
61%
B1/W172 | B1/W189 | B1/W192 sister
61%
B2/W191 | B2/W90 uncle
61%
B6/W150 why
60%
B1/W62 big
59%
B5/W3 | B6/W125 day
59%
B1/W195 | B3/W187 | B7/W141 good
59%
B2/W87 | B5/W131 look
59%
B2/W141 | B2/W144 | B3/W171 | +3 others more
59%
B2/W22 | B4/W118 | B4/W126 | +4 others been
58%
B1/W119 | B1/W54 | B4/W7 called
58%
B1/W154 | B1/W186 | B1/W41 didn’t
58%
B2/W134 | B2/W36 | B2/W98 | +3 others from
58%
B2/W177 school
58%
B3/W17 | B5/W6 summer
58%
B4/W183 | B4/W78 | B6/W130 all
57%
B3/W68 | B5/W113 bed
57%
B3/W165 | B3/W89 book
57%
B1/W114 | B1/W132 | B1/W171 | B2/W136 dursleys
57%
B1/W40 | B2/W79 just
57%
B4/W24 lived
57%
B3/W22 | B7/W33 other
57%
B2/W161 must
56%
B1/W17 perfectly
56%
B2/W40 | B4/W180 room
56%
B1/W117 small
56%
B1/W155 think
56%
B2/W43 | B6/W115 this
56%
B4/W13 | B6/W142 though
56%
B2/W103 know
55%
B4/W4 | B4/W76 Little
55%
B7/W121 little
55%
B3/W9 | B4/W122 | B4/W130 | B4/W17 many
55%
B1/W68 | B1/W91 neck
55%
B1/W11 proud
55%
B3/W13 thing
55%
B4/W142 | B6/W153 every
54%
B4/W22 family
54%
B1/W142 | B3/W42 secret
54%
B7/W2 | B7/W55 two
54%
B5/W49 use
54%
B1/W136 | B3/W30 wanted
54%
B7/W182 way
54%
B1/W56 | B1/W92 which
54%
B1/W179 | B4/W154 | B4/W18 years
54%
B2/W113 dark
53%
B3/W83 hand
53%
B1/W198 husband
53%
B1/W75 | B3/W86 | B5/W21 large
53%
B1/W197 nothing
53%
B1/W164 about
52%
B1/W190 | B1/W38 because
51%
B3/W45 | B4/W186 dead
51%
B3/W167 read
51%
B1/W35 | B4/W91 strange
51%
B1/W34 | B6/W82 anything
50%
B2/W171 | B2/W197 don’t
50%
B2/W182 never
50%
B1/W93 came
49%
B5/W62 car
49%
B3/W34 homework
49%
B1/W57 made
49%
B3/W168 non
49%
B3/W98 open
49%
B6/W105 see
49%
B4/W184 three
49%
B1/W139 | B3/W50 | B6/W147 also
48%
B4/W12 even
48%
B2/W155 eyes
48%
B2/W131 | B6/W17 | B6/W68 | B7/W84 long
48%
B1/W166 potters
48%
B5/W169 Potters
48%
B6/W156 | B7/W165 | B7/W185 them
48%
B2/W123 | B5/W109 back
47%
B2/W52 can't
47%
B3/W111 | B4/W192 down
47%
B1/W58 drills
47%
B1/W162 found
47%
B6/W180 How
47%
B1/W76 | B2/W101 mustache
47%
B7/W157 | B7/W167 off
47%
B3/W200 real
47%
B4/W10 | B4/W21 | B4/W67 Riddle
47%
B4/W165 riddle
47%
B3/W127 witch
47%
B1/W107 garden
46%
B3/W15 hated
46%
B2/W183 went
46%
B1/W29 expect
45%
B1/W161 | B6/W143 anyone
44%
B5/W121 black
44%
B1/W146 fear
44%
B1/W175 hadnt
44%
B2/W105 happen
44%
B2/W30 | B4/W162 morning
44%
B1/W112 | B5/W177 neighbors
44%
B2/W38 nephew
44%
B4/W82 old
44%
B5/W133 someone
44%
B5/W185 | B6/W169 | B7/W93 thought
44%
B3/W27 another
43%
B1/W53 firm
43%
B4/W36 | B4/W42 | B4/W49 its
43%
B3/W29 really
43%
B1/W99 spent
43%
B3/W10 ways
43%
B1/W28 youd
43%
B2/W12 breakfast
42%
B7/W115 | B7/W186 broke
42%
B4/W182 find
42%
B3/W152 glasses
42%
B1/W55 grunnings
42%
B1/W32 involved
42%
B4/W19 since
42%
B1/W109 spying
42%
B7/W130 | B7/W139 will
42%
B7/W137 your
42%
B1/W89 amount
41%
B1/W134 everything
41%
B1/W181 fact
41%
B4/W160 | B4/W53 fine
41%
B3/W37 forced
41%
B1/W66 hardly
41%
B3/W18 holidays
41%
B4/W70 now
41%
B5/W95 | B6/W127 only
41%
B1/W86 twice
41%
B1/W88 | B5/W61 usual
41%
B1/W82 blonde
40%
B1/W50 director
40%
B5/W135 has
40%
B3/W91 history
40%
B1/W85 | B3/W58 nearly
40%
B2/W44 | B6/W140 | B6/W72 week
40%
B2/W9 broken
39%
B1/W108 fences
39%
B3/W51 | B4/W95 | B6/W136 happened
39%
B4/W51 | B5/W41 once
39%
B1/W124 opinion
39%
B3/W119 | B4/W90 | B4/W97 something
39%
B2/W174 | B7/W134 sound
39%
B3/W6 unusual
39%
B1/W96 useful
39%
B4/W104 | B4/W197 | B4/W33 village
39%
B2/W7 argument
38%
B1/W158 bear
38%
B5/W13 close
38%
B4/W194 | B4/W30 hill
38%
B2/W132 | B2/W33 loud
38%
B3/W59 | B6/W4 midnight
38%
B3/W175 muggles
38%
B3/W158 nose
38%
B2/W75 | B5/W114 outside
38%
B1/W184 pretended
38%
B7/W19 second
38%
B4/W105 | B4/W168 | B4/W6 | B7/W23 still
38%
B2/W41 third
38%
B1/W69 although
37%
B2/W74 | B4/W65 | B7/W87 around
37%
B2/W142 bacon
37%
B2/W26 early
37%
B5/W8 | B6/W44 far
37%
B2/W178 food
37%
B2/W39 harrys
37%
B2/W27 hours
37%
B3/W146 | B4/W54 looking
37%
B3/W63 | B5/W105 lying
37%
B1/W176 met
37%
B2/W148 pan
37%
B1/W149 somebody
37%
B2/W88 stupid
37%
B2/W120 | B2/W61 tried
37%
B2/W71 used
37%
B2/W63 again
36%
B1/W151 discover
36%
B1/W128 finer
36%
B2/W167 got
36%
B4/W195 | B5/W75 | B7/W151 | B7/W168 into
36%
B3/W117 looked
36%
B6/W103 | B6/W8 minister
36%
B2/W35 noise
36%
B1/W45 | B2/W179 nonsense
36%
B3/W72 | B7/W150 | B7/W75 right
36%
B4/W190 run
36%
B2/W117 wife
36%
B2/W96 egg
35%
B4/W106 liked
35%
B6/W122 | B7/W49 news
35%
B1/W178 several
35%
B7/W60 snape
35%
B7/W142 Snape
35%
B1/W130 anywhere
34%
B3/W96 bagshot
34%
B3/W95 bathilda
34%
B1/W63 beefy
34%
B4/W155 | B6/W96 before
34%
B1/W145 greatest
34%
B2/W56 itll
34%
B2/W66 | B2/W70 shes
34%
B5/W141 short
34%
B1/W44 such
34%
B3/W183 | B4/W123 times
34%
B2/W23 woken
34%
B2/W67 bored
33%
B3/W155 | B6/W191 bridge
33%
B1/W105 craning
33%
B4/W50 | B6/W108 face
33%
B2/W73 flying
33%
B5/W43 green
33%
B3/W122 help
33%
B1/W42 hold
33%
B3/W173 known
33%
B5/W97 | B7/W193 | B7/W67 left
33%
B3/W110 | B3/W138 quill
33%
B2/W143 theres
33%
B3/W142 top
33%
B2/W165 while
33%
B3/W124 write
33%
B2/W53 control
32%
B3/W161 | B3/W80 flashlight
32%
B1/W37 mysterious
32%
B2/W108 owls
32%
B3/W151 round
32%
B4/W27 | B5/W32 | B7/W21 stood
32%
B3/W78 tent
32%
B4/W37 | B5/W82 windows
32%
B2/W126 words
32%
B2/W147 frying
31%
B5/W2 hottest
31%
B2/W184 hungry
31%
B3/W66 stomach
31%
B7/W57 best
30%
B2/W93 bit
30%
B3/W70 blankets
30%
B3/W132 | B4/W88 century
30%
B6/W151 | B7/W27 | B7/W32 each
30%
B3/W126 essay
30%
B7/W197 kind
30%
B5/W18 | B5/W44 lay
30%
B5/W96 person
30%
B3/W101 pillow
30%
B6/W102 | B6/W162 | B6/W7 prime
30%
B5/W181 sort
30%
B4/W2 villagers
30%
B3/W109 feather
29%
B4/W5 Hangleton
29%
B7/W161 | B7/W78 high
29%
B2/W49 table
29%
B4/W170 well
29%
B2/W62 yet
29%
B2/W196 enough
28%
B2/W65 | B6/W149 explain
28%
B5/W112 flower
28%
B3/W87 leather
28%
B5/W138 lot
28%
B4/W152 place
28%
B4/W135 | B7/W22 quite
28%
B6/W171 these
28%
B5/W164 away
27%
B3/W88 bound
27%
B3/W128 burning
27%
B2/W95 fried
27%
B3/W113 | B6/W95 page
27%
B3/W149 pushed
27%
B4/W185 Riddles
27%
B2/W189 smeltings
27%
B4/W116 story
27%
B6/W133 things
27%
B3/W105 tip
27%
B7/W24 | B7/W37 wands
27%
B2/W100 bushy
26%
B3/W134 completely
26%
B2/W34 hooting
26%
B5/W192 law
26%
B2/W114 looks
26%
B4/W175 | B4/W188 maid
26%
B6/W14 office
26%
B4/W151 | B7/W47 same
26%
B6/W10 sitting
26%
B7/W50 asked
25%
B3/W172 commonly
25%
B3/W136 | B4/W108 discuss
25%
B2/W195 gets
25%
B5/W23 | B5/W81 houses
25%
B4/W55 manor
25%
B6/W15 reading
25%
B7/W59 severus
25%
B4/W136 sure
25%
B3/W178 afraid
24%
B3/W99 against
24%
B4/W89 ago
24%
B6/W11 alone
24%
B2/W169 chance
24%
B5/W120 skinny
24%
B6/W35 waiting
24%
B2/W104 whatll
24%
B6/W197 anybody
23%
B2/W122 argue
23%
B5/W27 cars
23%
B6/W46 country
23%
B2/W97 dangling
23%
B3/W108 eagle
23%
B4/W153 fifty
23%
B3/W131 fourteenth
23%
B5/W122 haired
23%
B7/W97 late
23%
B3/W103 | B3/W159 moved
23%
B6/W119 | B7/W4 appeared
22%
B6/W83 else
22%
B5/W136 grown
22%
B4/W147 however
22%
B4/W101 | B5/W69 inhabitants
22%
B4/W171 kept
22%
B4/W31 overlooking
22%
B3/W193 rare
22%
B4/W43 roof
22%
B5/W142 | B6/W77 space
22%
B5/W101 teenage
22%
B4/W139 truth
22%
B6/W25 without
22%
B2/W47 across
21%
B2/W162 build
21%
B4/W179 | B5/W10 drawing
21%
B4/W77 Hangletons
21%
B5/W197 hidden
21%
B3/W5 highly
21%
B5/W87 | B7/W128 hope
21%
B5/W65 lawn
21%
B4/W133 nobody
21%
B7/W7 nowhere
21%
B4/W100 older
21%
B3/W147 paragraph
21%
B4/W191 screaming
21%
B4/W148 | B7/W42 started
21%
B2/W149 sweetums
21%
B2/W166 weve
21%
B2/W133 belch
20%
B3/W198 catch
20%
B3/W71 drawn
20%
B2/W128 drowned
20%
B6/W182 earth
20%
B4/W177 entered
20%
B2/W112 exchanged
20%
B7/W9 few
20%
B4/W112 gossip
20%
B7/W162 | B7/W81 hedge
20%
B3/W194 occasion
20%
B7/W28 others
20%
B3/W135 pointless
20%
B3/W97 propped
20%
B6/W22 through
20%
B5/W106 flat
19%
B3/W145 likely
19%
B3/W182 medieval
19%
B7/W95 might
19%
B6/W41 president
19%
B3/W189 | B7/W31 recognizing
19%
B5/W17 | B7/W189 silence
19%
B6/W189 stopped
19%
B5/W199 | B6/W32 behind
18%
B4/W45 ivy
18%
B5/W146 jeans
18%
B7/W70 low
18%
B2/W154 misty
18%
B2/W46 roared
18%
B2/W153 turning
18%
B5/W30 usually
18%
B5/W84 | B7/W153 wide
18%
B5/W54 banned
17%
B7/W40 | B7/W85 cloaks
17%
B3/W162 closer
17%
B5/W150 dirty
17%
B4/W86 half
17%
B5/W198 himself
17%
B4/W93 horrible
17%
B4/W59 largest
17%
B5/W38 lawns
17%
B2/W158 massive
17%
B6/W18 memo
17%
B6/W144 needed
17%
B6/W116 particular
17%
B6/W132 terrible
17%
B4/W39 tiles
17%
B5/W152 tshirt
17%
B7/W149 turned
17%
B7/W43 walking
17%
B4/W62 building
16%
B5/W57 drought
16%
B5/W55 due
16%
B5/W33 dusty
16%
B6/W160 fault
16%
B6/W185 government
16%
B4/W64 miles
16%
B4/W40 missing
16%
B6/W176 | B7/W183 neither
16%
B6/W117 opponent
16%
B3/W139 paused
16%
B2/W89 snarled
16%
B4/W161 summers
16%
B4/W146 tale
16%
B7/W52 taller
16%
B4/W110 topics
16%
B5/W63 washing
16%
B7/W99 Yaxley
16%
B5/W123 bespectacled
15%
B5/W93 breeze
15%
B5/W80 cool
15%
B4/W85 creepy
15%
B7/W154 driveway
15%
B5/W51 hosepipes
15%
B7/W159 | B7/W16 | B7/W62 lane
15%
B6/W163 ministers
15%
B5/W66 mowing
15%
B6/W3 nearing
15%
B5/W187 ought
15%
B7/W166 running
15%
B4/W114 scarce
15%
B5/W158 soles
15%
B5/W22 square
15%
B5/W161 trainers
15%
B7/W114 trees
15%
B6/W179 true
15%
B4/W143 version
15%
B4/W79 agreed
14%
B4/W141 anymore
14%
B5/W170 appearance
14%
B7/W194 arms
14%
B6/W48 between
14%
B4/W38 boarded
14%
B7/W190 both
14%
B6/W45 distant
14%
B5/W36 drives
14%
B5/W42 emerald
14%
B4/W61 grandest
14%
B3/W177 particularly
14%
B6/W113 political
14%
B5/W190 punishable
14%
B7/W58 replied
14%
B6/W186 supposed
14%
B6/W57 trying
14%
B7/W38 beneath
13%
B6/W192 collapsing
13%
B4/W72 derelict
13%
B7/W48 direction
13%
B4/W127 embroidered
13%
B6/W89 focus
13%
B2/W193 heartily
13%
B6/W114 opponents
13%
B4/W131 places
13%
B7/W191 raised
13%
B5/W186 scruffiness
13%
B5/W129 slightly
13%
B5/W83 thrown
13%
B5/W148 torn
13%
B5/W130 unhealthy
13%
B5/W47 yellowing
13%
B7/W11 apart
12%
B5/W153 baggy
12%
B6/W24 brain
12%
B7/W29 chests
12%
B5/W58 deprived
12%
B6/W71 difficult
12%
B4/W57 easily
12%
B5/W173 endear
12%
B6/W177 fair
12%
B5/W31 gleaming
12%
B6/W159 governments
12%
B4/W119 picked
12%
B5/W128 pinched
12%
B5/W74 retreated
12%
B7/W108 sight
12%
B7/W187 step
12%
B6/W55 telephone
12%
B6/W49 wondering
12%
B7/W10 yards
12%
B4/W71 damp
11%
B7/W125 expected
11%
B7/W178 gates
11%
B7/W71 growing
11%
B4/W173 | B7/W175 impressive
11%
B5/W92 nonexistent
11%
B5/W98 outdoors
11%
B5/W163 peeling
11%
B5/W77 shade
11%
B4/W46 spreading
11%
B6/W69 tiring
11%
B6/W29 trace
11%
B4/W47 unchecked
11%
B5/W167 uppers
11%
B7/W89 ankles
10%
B6/W87 attempted
10%
B6/W100 clearly
10%
B4/W157 daybreak
10%
B7/W25 directed
10%
B5/W155 faded
10%
B3/W114 frowning
10%
B7/W177 iron
10%
B6/W26 leaving
10%
B6/W31 meaning
10%
B7/W181 | B7/W83 mens
10%
B7/W117 moonlight
10%
B7/W15 moonlit
10%
B7/W14 narrow
10%
B7/W143 nodded
10%
B5/W45 parched
10%
B4/W74 unoccupied
10%
B7/W72 brambles
9%
B7/W111 branches
9%
B7/W44 briskly
9%
B5/W16 drowsy
9%
B6/W61 memories
9%
B5/W67 pursuits
9%
B6/W145 reminding
9%
B4/W199 roused
9%
B7/W199 salute
9%
B6/W28 slightest
9%
B6/W21 slipping
9%
B7/W35 stowed
9%
B5/W89 tempting
9%
B7/W69 wild
9%
B6/W52 wretched
9%
B6/W172 accusations
8%
B7/W64 bordered
8%
B7/W135 confident
8%
B7/W170 distance
8%
B7/W147 elaborate
8%
B6/W129 enumerate
8%
B7/W86 flapped
8%
B6/W107 gloating
8%
B7/W80 manicured
8%
B7/W79 neatly
8%
B6/W92 print
8%
B6/W164 pulse
8%
B6/W165 quickened
8%
B7/W138 reception
8%
B7/W132 satisfied
8%
B6/W199 suggest
8%
B7/W176 wrought
8%
B7/W171 beyond
7%
B7/W101 blunt
7%
B7/W163 curved
7%
B7/W102 features
7%
B7/W92 marched
7%
B6/W195 outrageous
7%
B7/W173 pair
7%
B7/W103 sliding
7%
B6/W59 suppress
7%
B7/W122 trickier
7%
B6/W60 unpleasant
7%
B7/W156 led
6%
B7/W113 overhanging
6%
B7/W179 barring
5%
No matching quizzes found
Score Distribution
Percent of People with Each Score
Percentile by Number Answered
Your Score History
You have not taken this quiz